000 00334nam a22001457a 4500
008 221219b ||||| |||| 00| 0 eng d
020 _a9781944183004
041 _aeng
080 _a51
082 _a51WOL
100 _a20.1
101 _aMATE
245 _aAN ELEMENTARY INTRODUCTION TO THE WOLFRAM
_cWOLFRAM S
942 _2udc
_cBK
999 _c59211
_d59211